书目信息 |
| 题名: |
新农村新能源
|
|
| 作者: | 邓可蕴 主编 ;共青团中央青农部 组编 | |
| 分册: | ||
| 出版信息: | 北京 农村读物出版社 2007.01 |
|
| 页数: | 260页 | |
| 开本: | 21cm | |
| 丛书名: | 新农村新青年文库 | |
| 单 册: | ||
| 中图分类: | TK01 | |
| 科图分类: | ||
| 主题词: | 农村--nong cun--能源--新技术 | |
| 电子资源: | ||
| ISBN: | 7-5048-5027-6 | |
| 000 | 00995nam 2200253 450 | |
| 001 | 012007114218 | |
| 005 | 20070619154502.28 | |
| 010 | @a7-5048-5027-6@dCNY11.20 | |
| 100 | @a20070504d2007 km y0chiy0120 ea | |
| 101 | 0 | @achi |
| 102 | @aCN@b110000 | |
| 105 | @aa z 000yy | |
| 200 | 1 | @a新农村新能源@Axin nong cun xin neng yuan@f邓可蕴主编@Fdeng ke yun zhu bian@g共青团中央青农部组编@Ggong qing tuan zhong yang qing nong bu zu bian |
| 210 | @a北京@c农村读物出版社@d2007.01 | |
| 215 | @a260页@c图@d21cm | |
| 225 | 2 | @a新农村新青年文库@Axin nong cun xin qing nian wen ku |
| 330 | @a本书用简明的形象和方式,介绍了8种适用于农村的可再生能源设施/产品:农村户用沼气池、高效生物质炉灶、家用太阳能热水器、太阳灶等。 | |
| 410 | 0 | @12001 @a新农村新青年文库 |
| 606 | 0 | @a农村@Anong cun@x能源@x新技术 |
| 690 | @aTK01@v4 | |
| 701 | 0 | @a邓可蕴@Adeng ke yun@4主编 |
| 712 | 02 | @a共青团中央青农部@Agong qing tuan zhong yang qing nong bu@4组编 |
| 801 | 0 | @aCN@c20070619 |
| 905 | @a10447@dTK01@eD298 | |
| 新农村新能源/邓可蕴主编/共青团中央青农部组编.-北京:农村读物出版社,2007.01 |
| 260页:图;21cm.-(新农村新青年文库) |
| ISBN 7-5048-5027-6:CNY11.20 |
| 本书用简明的形象和方式,介绍了8种适用于农村的可再生能源设施/产品:农村户用沼气池、高效生物质炉灶、家用太阳能热水器、太阳灶等。 |
| ● |
| 相关链接 |
|
|
|
正题名:新农村新能源
索取号:TK01/D298
 
预约/预借
| 序号 | 登录号 | 条形码 | 馆藏地/架位号 | 状态 | 备注 |
| 1 | 242585 | 202425857 | 自科库501/501自科库 135排6列4层/ [索取号:TK01/D298] | 在馆 | |
| 2 | 242586 | 202425866 | 期刊室512/501自科库 135排6列4层/ [索取号:TK01/D298] | 在馆 | |
| 3 | 242587 | 202425875 | 自科库501/501自科库 135排6列4层/ [索取号:TK01/D298] | 在馆 |